000
00241nam a2200121Ia 4500
082
_a
615.1
_b
P10R
100
_a
V.N. RAJE
245
_a
PHARMACEUTICS -|
260
_b
CBS- DELHI
300
_a
152
650
_a
PHARMACEUTICS
942
_2
ddc
_c
BK
999
_c
7176
_d
7176